000 00461nam a2200157Ia 4500
003 GCL
008 140319s9999 xx 000 0 ara d
040 _aGCL /
_cGCL
082 0 4 _a862.57
_bخ ل
100 1 _aخوزية تربيانا
245 1 0 _aليلة القتلة /
_cخوزية تربيانا
490 _aالمسرح العالمى
_v0
650 0 4 _aالادب الاسبانى
650 0 4 _aالمسرحيات الاسبانية
942 _2ddc
_cBK
999 _c40327
_d40327